| 000 | 00660nam a2200205 a 4500 | ||
|---|---|---|---|
| 005 | 20220601173450.0 | ||
| 008 | 120613s2006 es r 000 0 spa d | ||
| 020 | _a8426359523 | ||
| 035 | _aUPN01000185069 | ||
| 049 | _aCG | ||
| 050 | 4 |
_aPQ2662 R4.7 _bE6.4 |
|
| 100 | 1 |
_aBresner, Lisa, _d1971-2007 _932308 |
|
| 245 | 1 | 0 |
_aEn el país del manga / _cLisa Bresner ; il. Gonzálo Izquierdo ; tr. Elena del Amo. |
| 260 |
_aZaragoza, Esp. : _bEdelvives, _c2006. |
||
| 300 |
_a86 p. : _bil. |
||
| 440 | 0 |
_aAla delta. _pVerde ; _v52 |
|
| 534 |
_pTítulo original: _tLily-Rosse au pays des mangas |
||
| 650 | 7 |
_aLiteratura juvenil francesa _2 _912358 |
|
| 905 | _aLibro | ||
| 999 |
_c157172 _d157172 |
||